000 00411pab a2200169 454500
008 180718b2017 xxu||||| |||| 00| 0 eng d
100 _aGolman, Russell
245 _aInformation avoidance
260 _c2017
300 _ap.96-135.
362 _aMar
650 _aInformation
700 _aLoewenstein, George
700 _aHagmann, David
773 _aJournal of Economic Literature
909 _a114570
999 _c114564
_d114564